[Event "World Rapid 2023"]
[Site "Samarkand UZB"]
[Date "2023.12.27"]
[EventDate "2023.12.26"]
[Round "9.6"]
[Result "1-0"]
[White "Vachier-Lagrave, Maxime"]
[Black "Tigran L Petrosian"]
[WhiteElo "2731"]
[BlackElo "2561"]
[PlyCount "88"]

1. e4 g6 2. d4 Bg7 3. Nf3 d6 4. Bc4 Nf6 5. Qe2 O-O 6. h3 c6 7. Bb3 a5 8. a4 b6
9. e5 Nd5 10. O-O Ba6 11. Bc4 Bxc4 12. Qxc4 Qc8 13. Re1 Qa6 14. Na3 dxe5 15.
Nxe5 Bxe5 16. Rxe5 Qxc4 17. Nxc4 Nd7 18. Re2 Rfc8 19. Bd2 c5 20. dxc5 Rxc5 21.
b3 Rac8 22. Rd1 e6 23. Na3 Nc7 24. Bxa5 bxa5 25. Rxd7 Nd5 26. g3 h5 27. c4 Nb4
28. h4 Nc6 29. Nb5 Ne5 30. Rd1 g5 31. hxg5 Nf3+ 32. Kg2 Nxg5 33. Rd7 Nh7 34. Ra7
Rd8 35. Rxa5 Nf6 36. Ra7 Rd3 37. a5 Rxb3 38. Nd6 Ng4 39. Nxf7 Rf5 40. Nd6 Rf8
41. Ne4 Rb4 42. Rc7 Ra4 43. f3 Ne5 44. Nc5 1-0

[Event "World Rapid 2023"]
[Site "Samarkand UZB"]
[Date "2023.12.27"]
[EventDate "2023.12.26"]
[Round "9.7"]
[Result "1/2-1/2"]
[White "Levon Aronian"]
[Black "Maxim Matlakov"]
[WhiteElo "2723"]
[BlackElo "2670"]
[PlyCount "84"]

1. d4 Nf6 2. c4 e6 3. Nf3 d5 4. e3 Be7 5. Nc3 O-O 6. cxd5 exd5 7. Bd3 c6 8. O-O
Nbd7 9. Qc2 Bd6 10. Bd2 Re8 11. Rfe1 h6 12. h3 Nf8 13. Re2 Bd7 14. Be1 Qc7 15.
Rc1 a6 16. a3 Ne6 17. Nd2 c5 18. dxc5 Nxc5 19. Nf3 Rac8 20. Bf5 Be6 21. Nd4 Qe7
22. Qd1 Rcd8 23. Bb1 Bb8 24. f4 Nfe4 25. b4 Nxc3 26. Bxc3 Ne4 27. Bb2 Bd7 28.
Nb3 Qh4 29. Bxe4 dxe4 30. Qe1 Qxe1+ 31. Rexe1 Ba7 32. Bd4 Ba4 33. Nc5 Bxc5 34.
bxc5 h5 35. g4 hxg4 36. hxg4 f6 37. Re2 Kf7 38. Rg2 Rh8 39. Rb1 Bc6 40. Rh2 Rxh2
41. Kxh2 Rh8+ 42. Kg3 1/2-1/2

[Event "World Rapid 2023"]
[Site "Samarkand UZB"]
[Date "2023.12.27"]
[EventDate "2023.12.26"]
[Round "9.8"]
[Result "1-0"]
[White "Anton Korobov"]
[Black "Richard Rapport"]
[WhiteElo "2672"]
[BlackElo "2731"]
[PlyCount "106"]

1. d4 Nf6 2. c4 g6 3. Nc3 Bg7 4. e4 d6 5. Be2 O-O 6. Nf3 e5 7. O-O Na6 8. Rb1
exd4 9. Nxd4 Re8 10. f3 c6 11. Bg5 Nc5 12. Kh1 a5 13. Qd2 a4 14. Rfd1 Qa5 15. b4
axb3 16. axb3 Nfxe4 17. fxe4 Bxd4 18. Qxd4 Ne6 19. Qxd6 Qxg5 20. Bf3 h5 21. Qd2
Qxd2 22. Rxd2 Ra3 23. Na4 Kf8 24. Kg1 Ke7 25. Kf2 Rd8 26. Rxd8 Kxd8 27. Ke3 Kc7
28. h4 b6 29. e5 Ng7 30. Kf4 Bf5 31. Rb2 Ne6+ 32. Ke3 Ra1 33. Nc3 Re1+ 34. Ne2
Nc5 35. Ra2 Be6 36. Ra7+ Kb8 37. Ra3 Kc7 38. Ra7+ Kb8 39. Ra3 Bd7 40. Kd2 Rh1
41. Nd4 Kb7 42. g3 Rh2+ 43. Kc3 Rh3 44. b4 Ne6 45. Nxe6 Bxe6 46. b5 Rxg3 47.
bxc6+ Kb8 48. Kb4 Rg1 49. Bd5 Rd1 50. Bxe6 Rb1+ 51. Rb3 Rxb3+ 52. Kxb3 fxe6 53.
Kb4 1-0

[Event "World Rapid 2023"]
[Site "Samarkand UZB"]
[Date "2023.12.27"]
[EventDate "2023.12.26"]
[Round "9.9"]
[Result "1/2-1/2"]
[White "Xiangyu Xu"]
[Black "Alexander Grischuk"]
[WhiteElo "2623"]
[BlackElo "2732"]
[PlyCount "92"]

1. d4 d5 2. c4 c6 3. cxd5 cxd5 4. Bf4 Nf6 5. e3 Nc6 6. Nc3 Bf5 7. Qb3 Na5 8.
Bb5+ Bd7 9. Qc2 e6 10. Bd3 Rc8 11. Nf3 Bb4 12. O-O a6 13. Ne5 Bxc3 14. bxc3 Bb5
15. Bxb5+ axb5 16. Bg5 Nc4 17. Nxc4 Rxc4 18. Rfb1 Qa5 19. Bxf6 gxf6 20. Qb3 Rxc3
21. Qxb5+ Qxb5 22. Rxb5 O-O 23. Rxb7 Ra8 24. g4 Rca3 25. Rb2 Kg7 26. Kg2 Kg6 27.
h3 h5 28. gxh5+ Kxh5 29. Kf3 R3a7 30. Kf4 Kg6 31. f3 Kh6 32. Rc2 Ra4 33. Rc7 e5+
34. Kf5 exd4 35. exd4 Rxd4 36. Rxf7 Ra3 37. Rxf6+ Kh7 38. f4 Rda4 39. Rf7+ Kg8
40. Rd7 Rf3 41. Rxd5 Rfxf4+ 42. Ke6 Ra6+ 43. Rd6 Ra3 44. Ke5 Rf2 45. Rg1+ Kf8
46. Rf6+ 1/2-1/2

[Event "World Rapid 2023"]
[Site "Samarkand UZB"]
[Date "2023.12.27"]
[EventDate "2023.12.26"]
[Round "9.10"]
[Result "1/2-1/2"]
[White "Sarin Nihal"]
[Black "Jakhongir Vakhidov"]
[WhiteElo "2688"]
[BlackElo "2599"]
[PlyCount "116"]

1. d4 Nf6 2. Nf3 g6 3. Nc3 d5 4. Bf4 Bg7 5. Nb5 Na6 6. e3 O-O 7. h3 c6 8. Na3
Qb6 9. Qc1 Bf5 10. Be2 Be4 11. O-O Bxf3 12. Bxf3 Nd7 13. c3 e5 14. Bh2 Rfe8 15.
Rb1 Nc7 16. b4 exd4 17. cxd4 Rac8 18. Nc2 Ne6 19. Ne1 Qd8 20. Nd3 Ng5 21. Bd1
Ne4 22. Nc5 Ndxc5 23. bxc5 b5 24. cxb6 axb6 25. Bg4 f5 26. Be2 c5 27. Ba6 Ra8
28. Bb5 Re6 29. f3 Nf6 30. dxc5 Bh6 31. Re1 bxc5 32. Qxc5 Rxa2 33. Bc6 Bf8 34.
Qc3 Qa5 35. Qxa5 Rxa5 36. Rb5 Rxb5 37. Bxb5 Bc5 38. Kf2 g5 39. g3 g4 40. Bd3 Re5
41. Re2 h5 42. Bg1 gxh3 43. Bh2 d4 44. exd4 Bxd4+ 45. Kf1 Rc5 46. Rc2 Ra5 47.
Ra2 Rxa2 48. Bc4+ Kg7 49. Bxa2 Be5 50. Kg1 Nh7 51. Bb1 Ng5 52. Bxf5 Nxf3+ 53.
Kh1 Ng5 54. Bg1 Kf6 55. Bc8 Ne4 56. Bxh3 Nxg3+ 57. Kg2 Ne2 58. Be3 1/2-1/2

[Event "World Rapid 2023"]
[Site "Samarkand UZB"]
[Date "2023.12.27"]
[EventDate "2023.12.26"]
[Round "9.11"]
[Result "1/2-1/2"]
[White "Van Foreest, Jorden"]
[Black "Maksim Chigaev"]
[WhiteElo "2679"]
[BlackElo "2621"]
[PlyCount "142"]

1. e4 e5 2. Nf3 Nc6 3. Bb5 a6 4. Ba4 Nf6 5. O-O Be7 6. d3 d6 7. c3 O-O 8. Re1
Re8 9. h3 h6 10. Nbd2 Bf8 11. d4 exd4 12. cxd4 b5 13. Bc2 Nb4 14. Bb1 c5 15. a3
Nc6 16. d5 Ne5 17. Nxe5 dxe5 18. b3 Bd6 19. Bd3 Bd7 20. Bb2 Nh7 21. Re3 Nf8 22.
Kh2 f5 23. Re1 f4 24. a4 Nh7 25. axb5 axb5 26. Qe2 Qb6 27. Rxa8 Rxa8 28. Nf3 Qb8
29. Ra1 Rxa1 30. Bxa1 Ng5 31. Nxg5 hxg5 32. Bc3 g6 33. Qa2 Kf7 34. Qa6 b4 35.
Bb2 Ke7 36. Be2 Qc8 37. Qa1 Qb8 38. Kg1 Qc7 39. Kf1 Qb8 40. Ke1 Qc7 41. Kd2 Qb8
42. Kc2 Qc7 43. Qa8 Qb8 44. Qa6 Bc8 45. Qa1 Bd7 46. Bc4 Bc8 47. Qg1 Bd7 48. g3
Qf8 49. gxf4 Qxf4 50. Bc1 Qf3 51. Qxg5+ Kf7 52. Be3 Bxh3 53. Qh4 Bg4 54. Qh7+
Kf6 55. Qh8+ Kf7 56. Bb5 Qxe4+ 57. Kb2 Bf8 58. Qh7+ Bg7 59. Qh4 g5 60. Qxg5 Bf5
61. Qh5+ Bg6 62. Qd1 Qf5 63. d6 e4+ 64. Kc2 Qe5 65. Bc4+ Ke8 66. Qg4 Bf5 67.
Bb5+ Kf8 68. Qg5 Bf6 69. Qh6+ Bg7 70. Qg5 Bf6 71. Qh6+ Bg7 1/2-1/2

[Event "World Rapid 2023"]
[Site "Samarkand UZB"]
[Date "2023.12.27"]
[EventDate "2023.12.26"]
[Round "9.13"]
[Result "1-0"]
[White "Subramaniyam H Bharath"]
[Black "Sabino Brunello"]
[WhiteElo "2504"]
[BlackElo "2500"]
[PlyCount "56"]

1. d4 Nf6 2. Bf4 d5 3. e3 c5 4. Nd2 Nc6 5. c3 e6 6. Ngf3 Nh5 7. Bg5 f6 8. Bh4
cxd4 9. cxd4 g6 10. Rc1 Be7 11. Be2 Ng7 12. O-O Nf5 13. Bg3 Kf7 14. Bd3 Nxg3 15.
hxg3 h5 16. e4 dxe4 17. Nxe4 f5 18. Nc3 Nxd4 19. Bc4 Bf6 20. Re1 h4 21. gxh4
Nxf3+ 22. Qxf3 Rxh4 23. Nb5 Bxb2 24. Rcd1 Qg5 25. Bxe6+ Kg7 26. Bxc8 Rxc8 27.
Qxb7+ Kh6 28. Rd7 1-0

[Event "World Rapid 2023"]
[Site "Samarkand UZB"]
[Date "2023.12.27"]
[EventDate "2023.12.26"]
[Round "9.14"]
[Result "1-0"]
[White "Dmitry Andreikin"]
[Black "Pavel Ponkratov"]
[WhiteElo "2729"]
[BlackElo "2608"]
[PlyCount "60"]

1. d4 Nf6 2. c4 e6 3. Nf3 d5 4. Bg5 h6 5. Bxf6 Qxf6 6. e3 Nd7 7. Qc2 c6 8. Nbd2
g5 9. Bd3 Bg7 10. cxd5 cxd5 11. h3 Qe7 12. O-O O-O 13. Qc7 Re8 14. Rac1 a6 15.
Rc2 f5 16. Rfc1 g4 17. hxg4 fxg4 18. Nh2 Qg5 19. Ndf1 e5 20. Qd6 e4 21. Rxc8
Raxc8 22. Rxc8 Rxc8 23. Qxd7 Rc1 24. Be2 g3 25. Ng4 Re1 26. f4 exf3 27. Bxf3 Kh8
28. Bxd5 Bxd4 29. Qe8+ Kh7 30. Qe4+ 1-0

[Event "World Rapid 2023"]
[Site "Samarkand UZB"]
[Date "2023.12.27"]
[EventDate "2023.12.26"]
[Round "9.15"]
[Result "1/2-1/2"]
[White "Anton Guijarro, David"]
[Black "Giga Quparadze"]
[WhiteElo "2670"]
[BlackElo "2491"]
[PlyCount "112"]

1. e4 c5 2. Nf3 e6 3. c3 d5 4. e5 d4 5. d3 Nc6 6. g3 Nge7 7. Bg2 Ng6 8. Qe2 Qc7
9. Na3 Ncxe5 10. Nxe5 Qxe5 11. Be4 f5 12. Nc4 Qf6 13. Bg2 Rb8 14. h4 b5 15. Na5
Bd6 16. cxd4 cxd4 17. Nc6 Rb6 18. Bg5 Qf7 19. Nxd4 h6 20. Bd2 O-O 21. Nf3 f4 22.
h5 Ne7 23. gxf4 Bb7 24. Nh4 Bxg2 25. Nxg2 Nd5 26. O-O-O Ra6 27. Kb1 e5 28. b3
exf4 29. Nh4 f3 30. Qe4 Bf4 31. Ng6 Bxd2 32. Qxd5 Qxd5 33. Ne7+ Kf7 34. Nxd5 Rd6
35. Nc7 Ba5 36. Nxb5 Rd5 37. Na3 Re8 38. Nc4 Re2 39. d4 Rxf2 40. Rdf1 Rxf1+ 41.
Rxf1 Rxh5 42. Rxf3+ Kg8 43. Kc2 Rh2+ 44. Kd3 Rxa2 45. Nxa5 Rxa5 46. Ke4 Ra6 47.
Ke5 Rf6 48. Rxf6 gxf6+ 49. Kxf6 Kf8 50. Kg6 Ke7 51. Kxh6 Ke6 52. Kg5 Kd5 53. Kf4
Kxd4 54. b4 Kc4 55. Ke3 Kxb4 56. Kd2 1/2-1/2

[Event "World Rapid 2023"]
[Site "Samarkand UZB"]
[Date "2023.12.27"]
[EventDate "2023.12.26"]
[Round "9.16"]
[Result "0-1"]
[White "Haowen Xue"]
[Black "Kirill Shevchenko"]
[WhiteElo "2455"]
[BlackElo "2651"]
[PlyCount "60"]

1. d4 d5 2. Nf3 Bf5 3. g3 Nf6 4. Bg2 e6 5. Nh4 Bg4 6. h3 Bh5 7. g4 Nfd7 8. gxh5
Qxh4 9. c4 Nc6 10. cxd5 exd5 11. Bxd5 Nxd4 12. Rg1 Bc5 13. e3 Ne6 14. Qg4 Qf6
15. Bxb7 Ne5 16. Qe2 Rd8 17. Nc3 c6 18. Kf1 O-O 19. Ba6 Rfe8 20. Rg3 Qf5 21. Kg2
h6 22. f4 Nd3 23. Bxd3 Rxd3 24. e4 Rxg3+ 25. Kxg3 Qf6 26. e5 Qf5 27. Be3 Rb8 28.
b3 Bd4 29. Qd2 Rd8 30. Re1 Bxe3 0-1

[Event "World Rapid 2023"]
[Site "Samarkand UZB"]
[Date "2023.12.27"]
[EventDate "2023.12.26"]
[Round "9.17"]
[Result "1-0"]
[White "Fabiano Caruana"]
[Black "Rudik Makarian"]
[WhiteElo "2794"]
[BlackElo "2530"]
[PlyCount "68"]

1. e4 c5 2. Nf3 d6 3. Bb5+ Nd7 4. O-O a6 5. Bd3 Ngf6 6. Re1 b5 7. c4 b4 8. a3
bxa3 9. Rxa3 g6 10. Nc3 Bg7 11. Bf1 O-O 12. d4 cxd4 13. Nxd4 Bb7 14. f3 Rc8 15.
Be3 Ne5 16. Qb3 Rb8 17. Qc2 Rc8 18. b3 e6 19. Qd2 d5 20. exd5 exd5 21. c5 Rxc5
22. Ne6 fxe6 23. Bxc5 Qc7 24. Bxf8 Neg4 25. g3 Bxf8 26. Ra4 Bh6 27. Qd3 Ne5 28.
Rxe5 Qxe5 29. f4 Qe1 30. Rb4 Ng4 31. Qe2 Qxc3 32. Qxe6+ Kf8 33. Rxb7 Qd4+ 34.
Kh1 1-0

[Event "World Rapid 2023"]
[Site "Samarkand UZB"]
[Date "2023.12.27"]
[EventDate "2023.12.26"]
[Round "9.18"]
[Result "0-1"]
[White "Timur Gareyev"]
[Black "Ian Nepomniachtchi"]
[WhiteElo "2570"]
[BlackElo "2771"]
[PlyCount "68"]

1. d4 Nf6 2. c4 e6 3. Nc3 Bb4 4. Qc2 c5 5. dxc5 O-O 6. a3 Bxc5 7. Nf3 Nc6 8. Bg5
b6 9. e3 Bb7 10. O-O-O Be7 11. Kb1 Rc8 12. h4 Na5 13. Bxf6 Bxf6 14. Ng5 g6 15.
Nb5 d5 16. Nxa7 Ra8 17. Nb5 Qe7 18. cxd5 Rac8 19. Qe4 Rc5 20. Qb4 Bxd5 21. Bd3
Rfc8 22. Ne4 Bxe4 23. Qxe4 Bg7 24. f4 h5 25. Qb4 e5 26. g3 e4 27. Bxe4 Rxb5 28.
Qxb5 Qxe4+ 29. Qd3 Qg2 30. Qd2 Qxg3 31. Qd7 Rc5 32. Qe8+ Kh7 33. Rd2 Nc4 34. Rc2
Nxa3+ 0-1

[Event "World Rapid 2023"]
[Site "Samarkand UZB"]
[Date "2023.12.27"]
[EventDate "2023.12.26"]
[Round "9.19"]
[Result "1/2-1/2"]
[White "Peter Svidler"]
[Black "S L Narayanan"]
[WhiteElo "2689"]
[BlackElo "2677"]
[PlyCount "44"]

1. c4 c5 2. Nf3 Nf6 3. g3 d5 4. cxd5 Nxd5 5. Bg2 Nc6 6. Nc3 Nxc3 7. bxc3 e5 8.
O-O Be7 9. d3 O-O 10. Rb1 Rb8 11. Be3 Be6 12. Qa4 Qd7 13. Rfc1 f5 14. Nd2 Bd5
15. Bxd5+ Qxd5 16. f4 Kh8 17. Qc4 Qd6 18. Nf3 Rbe8 19. Ng5 Nd8 20. Nf3 Nc6 21.
Ng5 Nd8 22. Nf3 1/2-1/2

[Event "World Rapid 2023"]
[Site "Samarkand UZB"]
[Date "2023.12.27"]
[EventDate "2023.12.26"]
[Round "9.20"]
[Result "1-0"]
[White "Nodirbek Abdusattorov"]
[Black "Igor Lysyj"]
[WhiteElo "2727"]
[BlackElo "2589"]
[PlyCount "172"]

1. e4 e5 2. Nf3 Nc6 3. d4 exd4 4. Nxd4 Nf6 5. Nxc6 bxc6 6. e5 Qe7 7. Qe2 Nd5 8.
Nd2 g6 9. c4 Ba6 10. Nf3 Qb4+ 11. Kd1 Nb6 12. b3 O-O-O 13. Bg5 Bg7 14. Qd2 Qxd2+
15. Kxd2 Rde8 16. Re1 d5 17. exd6 cxd6 18. Bd3 c5 19. h4 h6 20. Bf4 Kc7 21. Nh2
Bb7 22. f3 Nd7 23. Ng4 h5 24. Ne3 Be5 25. Bxe5 Rxe5 26. f4 Ree8 27. f5 Ne5 28.
Bc2 Reg8 29. fxg6 fxg6 30. Ref1 g5 31. hxg5 Rxg5 32. Rf2 h4 33. Bf5 Rg3 34. Bh3
Re8 35. Re2 Rf8 36. Be6 Rf4 37. Bd5 Bc8 38. Rf1 Rxf1 39. Nxf1 Rd3+ 40. Kc2 Rd4
41. Ne3 Rf4 42. Kd2 Rd4+ 43. Ke1 Rf4 44. Rd2 Bf5 45. Nxf5 Rxf5 46. Re2 Rh5 47.
Re3 Rf5 48. Ke2 Kd7 49. Bb7 Ke7 50. Re4 Rh5 51. Bc8 a5 52. Bh3 Rh8 53. Ke3 a4
54. Kf4 axb3 55. axb3 Rb8 56. Kf5 Rxb3 57. Rxh4 Kd7 58. Kf6+ Kc6 59. Be6 Rb2 60.
Bd5+ Kc7 61. g4 Rf2+ 62. Ke6 Re2 63. Rh7+ Nd7+ 64. Kf5 Rf2+ 65. Kg5 Kd8 66. Rh6
Kc7 67. Be6 Ne5 68. Rh7+ Kd8 69. Bd5 Rf1 70. Rg7 Rf2 71. Be6 Rf1 72. Ra7 Nf3+
73. Kh6 Rh1+ 74. Kg7 Ne5 75. g5 Rg1 76. Kf6 Rf1+ 77. Bf5 Nc6 78. Ra8+ Kc7 79.
Rc8+ Kb7 80. Rxc6 Kxc6 81. g6 d5 82. g7 Rg1 83. Bg6 Rf1+ 84. Ke7 Re1+ 85. Kf8
Rf1+ 86. Bf7 1-0

[Event "World Rapid 2023"]
[Site "Samarkand UZB"]
[Date "2023.12.27"]
[EventDate "2023.12.26"]
[Round "9.21"]
[Result "1/2-1/2"]
[White "Alexandr Predke"]
[Black "Vladislav Artemiev"]
[WhiteElo "2689"]
[BlackElo "2711"]
[PlyCount "128"]

1. d4 Nf6 2. c4 e6 3. Nf3 d5 4. Nc3 Nbd7 5. cxd5 exd5 6. Bg5 h6 7. Bf4 Nb6 8.
Qc2 Bd6 9. Bxd6 Qxd6 10. e3 c6 11. Bd3 Be6 12. O-O O-O 13. a4 a5 14. h3 Nbd7 15.
Ne2 Rfe8 16. Nd2 Nf8 17. Nf4 Bd7 18. Nf3 Rec8 19. Ne5 Rc7 20. Rac1 Be8 21. Ne2
c5 22. Nc3 cxd4 23. exd4 Ne6 24. Nf3 Qb4 25. Rfd1 Rac8 26. Ra1 Nf4 27. Bf5 Bd7
28. Bxd7 Rxd7 29. Qd2 Ne6 30. Re1 Rc4 31. Rad1 Ne4 32. Nxe4 dxe4 33. Qxb4 Rxb4
34. Rxe4 Rxa4 35. Re5 Nf4 36. Rb5 f6 37. d5 Kf7 38. h4 Rb4 39. Rxa5 Rxb2 40. d6
Ne2+ 41. Kh2 Nc3 42. Rd4 Nb5 43. Rd5 Nc3 44. Rd4 b6 45. Ra8 Nb5 46. Rf4 Rxd6 47.
Rb8 Re2 48. Rb4 Nc3 49. Rb7+ Re7 50. R4xb6 Rxb6 51. Rxb6 Re2 52. Rb7+ Kg8 53.
Nd4 Rxf2 54. Ne6 g5 55. Rg7+ Kh8 56. Rg6 gxh4 57. Rxh6+ Kg8 58. Rxh4 Nd5 59. Rd4
Ne3 60. Kg3 Ra2 61. Rd8+ Kf7 62. Nf4 f5 63. Rd6 Ng4 64. Rb6 Ra4 1/2-1/2

[Event "World Rapid 2023"]
[Site "Samarkand UZB"]
[Date "2023.12.27"]
[EventDate "2023.12.26"]
[Round "9.22"]
[Result "1/2-1/2"]
[White "David Paravyan"]
[Black "R Praggnanandhaa"]
[WhiteElo "2612"]
[BlackElo "2740"]
[PlyCount "88"]

1. e4 e5 2. Nf3 Nc6 3. Bc4 Bc5 4. d3 Nf6 5. Be3 Bxe3 6. fxe3 d6 7. O-O O-O 8.
Qe1 Be6 9. Bb3 a5 10. Nc3 Bxb3 11. axb3 Ne7 12. Nh4 Qd7 13. h3 c6 14. Ne2 b6 15.
Ng3 Qe6 16. Nhf5 g6 17. Nxe7+ Qxe7 18. Qc3 Rac8 19. b4 axb4 20. Qxb4 b5 21. Ra6
h5 22. Qe1 Kg7 23. Ne2 d5 24. Qh4 Rc7 25. exd5 Nxd5 26. Qxe7 Rxe7 27. Rxc6 Nxe3
28. Rf3 Nf5 29. Rb6 e4 30. dxe4 Rxe4 31. Ng3 Nxg3 32. Rxg3 Rc8 33. Rc3 Rxc3 34.
bxc3 Re5 35. Rc6 Re2 36. c4 b4 37. Rb6 Rxc2 38. Rxb4 Kf6 39. h4 Kf5 40. Kh2 f6
41. Kh3 g5 42. hxg5 fxg5 43. Rb5+ Kf6 44. Rb6+ 1/2-1/2

[Event "World Rapid 2023"]
[Site "Samarkand UZB"]
[Date "2023.12.27"]
[EventDate "2023.12.26"]
[Round "9.24"]
[Result "1-0"]
[White "Andrey Esipenko"]
[Black "Shamsiddin Vokhidov"]
[WhiteElo "2702"]
[BlackElo "2596"]
[PlyCount "114"]

1. e4 e5 2. Nf3 Nc6 3. Bc4 Bc5 4. c3 Nf6 5. d3 d6 6. O-O a5 7. Re1 Ba7 8. Nbd2
O-O 9. Bb3 Be6 10. h3 Bxb3 11. Qxb3 Qd7 12. a4 Rfe8 13. Nc4 d5 14. exd5 Qxd5 15.
Be3 Bxe3 16. Rxe3 b6 17. Rae1 Nd7 18. d4 f6 19. Qb5 Qxb5 20. axb5 Na7 21. Na3 c6
22. c4 cxb5 23. cxb5 e4 24. Rxe4 Rxe4 25. Rxe4 Kf8 26. Nd2 Rc8 27. Ndc4 f5 28.
Re1 g6 29. Nd6 Rd8 30. Re6 Nc8 31. Nac4 Nxd6 32. Nxd6 Kg7 33. Nb7 Rf8 34. Rd6
Nf6 35. Nd8 Ne4 36. Ne6+ Kf7 37. Rxb6 Rc8 38. f3 Rc1+ 39. Kh2 Nd2 40. Kg3 Rc2
41. d5 Nf1+ 42. Kf4 Rxb2 43. Ng5+ Ke7 44. d6+ Kd7 45. Nf7 Ke6 46. Ng5+ Kd7 47.
Nxh7 Rd2 48. Nf8+ Ke8 49. Rb8+ Kf7 50. d7 Kf6 51. Rb6+ Ke7 52. Re6+ Kf7 53. Kg5
a4 54. b6 Rxg2+ 55. Kh6 Rh2 56. d8=Q Rxh3+ 57. Kg5 1-0

[Event "World Rapid 2023"]
[Site "Samarkand UZB"]
[Date "2023.12.27"]
[EventDate "2023.12.26"]
[Round "9.26"]
[Result "1/2-1/2"]
[White "Laurent Fressinet"]
[Black "Mittal Aditya"]
[WhiteElo "2637"]
[BlackElo "2595"]
[PlyCount "132"]

1. d4 Nf6 2. Nf3 d5 3. c4 e6 4. Nc3 c5 5. e3 Nc6 6. a3 dxc4 7. Bxc4 a6 8. Bd3
cxd4 9. exd4 Be7 10. O-O b5 11. Bg5 Bb7 12. Rc1 O-O 13. Bb1 Na5 14. Ne5 Nd7 15.
Bxe7 Qxe7 16. Ne4 Bxe4 17. Bxe4 Rac8 18. Nxd7 Qxd7 19. Qd3 g6 20. d5 e5 21. g3
Nc4 22. b3 Nb6 23. Bg2 Qd6 24. Qe3 Rxc1 25. Rxc1 Qxa3 26. Rd1 Qd6 27. Rc1 Rc8
28. Rc6 Rxc6 29. dxc6 Qd1+ 30. Bf1 Qd4 31. Qc1 b4 32. Bxa6 Qc3 33. Qe3 Qxc6 34.
Qxe5 Nd7 35. Qe8+ Kg7 36. Bc4 Qd6 37. Qxf7+ Kh6 38. h4 Ne5 39. Qd5 Nxc4 40. Qxc4
Kg7 41. Kg2 h5 42. Qe4 Qc5 43. Qe6 Qd4 44. Qe7+ Kg8 45. Qe3 Qd5+ 46. f3 Qd6 47.
Kf2 Kg7 48. Kg2 Kh7 49. Qe2 Kg7 50. Qc2 Qd4 51. Qe2 Qc3 52. Qe7+ Kg8 53. Qe6+
Kg7 54. Qe7+ Kg8 55. Qe6+ Kg7 56. g4 hxg4 57. fxg4 Qd2+ 58. Kf3 Qd1+ 59. Ke4
Qc2+ 60. Ke3 Qc3+ 61. Kf2 Qc2+ 62. Kf3 Qd1+ 63. Kg3 Qg1+ 64. Kh3 Qh1+ 65. Kg3
Qg1+ 66. Kh3 1/2-1/2

[Event "World Rapid 2023"]
[Site "Samarkand UZB"]
[Date "2023.12.27"]
[EventDate "2023.12.26"]
[Round "9.27"]
[Result "1-0"]
[White "Sergey Grigoriants"]
[Black "Parham Maghsoodloo"]
[WhiteElo "2544"]
[BlackElo "2742"]
[PlyCount "94"]

1. e4 c6 2. d4 d5 3. Nc3 dxe4 4. Nxe4 Nf6 5. Nxf6+ exf6 6. c3 Bd6 7. Bd3 O-O 8.
Ne2 Re8 9. O-O Nd7 10. Ng3 g6 11. Ne4 Be7 12. Re1 Nf8 13. Bh6 Ne6 14. Bc4 Nc7
15. Qb3 Ne6 16. a4 f5 17. Nd2 Qb6 18. Qa2 Bf8 19. Bxf8 Rxf8 20. Nf3 Kg7 21. Re3
c5 22. Bxe6 Bxe6 23. d5 f4 24. Re5 Bg4 25. Rae1 Bxf3 26. gxf3 a6 27. R1e2 Qf6
28. a5 Rac8 29. Qc4 Qd8 30. Qxf4 Qxa5 31. Re7 c4 32. Qd4+ Kg8 33. Rxb7 Rcd8 34.
Re5 Rfe8 35. Qf4 Rf8 36. Qxc4 Rd6 37. Qd4 Rf6 38. Kg2 h6 39. c4 Qd8 40. c5 g5
41. d6 Rf4 42. Re4 Qc8 43. Rbe7 Qf5 44. d7 Rxf3 45. Re8 Rxf2+ 46. Qxf2 Qxe4+ 47.
Rxe4 1-0

[Event "World Rapid 2023"]
[Site "Samarkand UZB"]
[Date "2023.12.27"]
[EventDate "2023.12.26"]
[Round "9.28"]
[Result "1/2-1/2"]
[White "Savva Vetokhin"]
[Black "Evgeny Tomashevsky"]
[WhiteElo "2396"]
[BlackElo "2681"]
[PlyCount "82"]

1. d4 Nf6 2. c4 e6 3. Nf3 d5 4. Nc3 Be7 5. Bg5 h6 6. Bxf6 Bxf6 7. e3 O-O 8. Rc1
c6 9. h4 g6 10. cxd5 exd5 11. h5 g5 12. Bd3 Re8 13. Ne2 Nd7 14. O-O Nf8 15. Ng3
Qd6 16. Qc2 Be6 17. Nh2 Bg7 18. Bf5 Nd7 19. Ng4 Nf6 20. Nxf6+ Bxf6 21. Bxe6 Qxe6
22. Nf5 Bg7 23. g4 Bf8 24. Kg2 Rac8 25. Qd3 b6 26. Rfd1 Red8 27. Qa6 Rc7 28. a3
c5 29. dxc5 bxc5 30. Qd3 Rb7 31. b3 d4 32. Rc4 Rdb8 33. Rb1 Qc6+ 34. e4 a5 35.
Qxd4 Rxb3 36. Rxb3 Rxb3 37. Qd5 Qe6 38. Ra4 Rb5 39. Rc4 Rb3 40. Ra4 Rb5 41. Rc4 1/2-1/2

[Event "World Rapid 2023"]
[Site "Samarkand UZB"]
[Date "2023.12.27"]
[EventDate "2023.12.26"]
[Round "9.29"]
[Result "1/2-1/2"]
[White "Bardiya Daneshvar"]
[Black "Javokhir Sindarov"]
[WhiteElo "2591"]
[BlackElo "2701"]
[PlyCount "62"]

1. Nf3 g6 2. e4 c5 3. c4 Nc6 4. d4 cxd4 5. Nxd4 Nf6 6. Nc3 d6 7. Be2 Nxd4 8.
Qxd4 Bg7 9. Be3 O-O 10. Qd2 a5 11. O-O a4 12. Bd4 Qa5 13. Rfd1 Be6 14. Qe3 Nd7
15. Nd5 Bxd5 16. exd5 Bxd4 17. Rxd4 Rfe8 18. h4 Nf6 19. h5 Qb4 20. Rb1 a3 21.
hxg6 fxg6 22. b3 Rf8 23. Rc1 Qc5 24. Qd2 b6 25. b4 Qc8 26. Rc3 Qf5 27. Bf3 Qb1+
28. Rc1 Qb2 29. Rc2 Qb1+ 30. Rc1 Qb2 31. Rc2 Qb1+ 1/2-1/2

[Event "World Rapid 2023"]
[Site "Samarkand UZB"]
[Date "2023.12.27"]
[EventDate "2023.12.26"]
[Round "9.30"]
[Result "1/2-1/2"]
[White "Rauf Mamedov"]
[Black "Aleksandar Indjic"]
[WhiteElo "2651"]
[BlackElo "2589"]
[PlyCount "76"]

1. e4 e5 2. Nf3 Nf6 3. Nxe5 d6 4. Nf3 Nxe4 5. d4 d5 6. Bd3 Bd6 7. O-O O-O 8. c4
c6 9. Nc3 Nxc3 10. bxc3 dxc4 11. Bxc4 Bg4 12. h3 Bh5 13. g4 Bg6 14. Ne5 b5 15.
Bb3 Qc7 16. Nxg6 hxg6 17. Qf3 Nd7 18. Re1 a5 19. a4 bxa4 20. Bxa4 Rac8 21. Bg5
c5 22. Be7 Rfe8 23. Rab1 Rb8 24. Bxd6 Rxe1+ 25. Rxe1 Qxd6 26. Bxd7 Qxd7 27. dxc5
Rc8 28. Rd1 Qb5 29. c6 Qxc6 30. Rd8+ Kh7 31. Qg3 g5 32. Qd3+ g6 33. Rxc8 Qxc8
34. Qd5 Qc7 35. c4 a4 36. c5 a3 37. c6 Qa7 38. Qd7 Qxd7 1/2-1/2

[Event "World Rapid 2023"]
[Site "Samarkand UZB"]
[Date "2023.12.27"]
[EventDate "2023.12.26"]
[Round "9.31"]
[Result "0-1"]
[White "Aleksandr Shimanov"]
[Black "Arseniy Nesterov"]
[WhiteElo "2578"]
[BlackElo "2584"]
[PlyCount "96"]

1. d4 d5 2. c4 e6 3. Nc3 Nf6 4. Bg5 dxc4 5. e3 c5 6. Bxc4 cxd4 7. exd4 Be7 8.
Nf3 O-O 9. O-O Nc6 10. a3 h6 11. Bf4 b6 12. Qd3 Bb7 13. Rad1 Bd6 14. Be5 Bxe5
15. dxe5 Qxd3 16. Bxd3 Nd7 17. Be4 Nc5 18. Bc2 Rad8 19. b4 Nd7 20. Rfe1 Ne7 21.
Nd4 a6 22. Bb3 Nb8 23. Na4 b5 24. Nc5 Bd5 25. Bc2 Rc8 26. f4 a5 27. Bd3 axb4 28.
axb4 Nbc6 29. Nxc6 Bxc6 30. Nb3 Nd5 31. Nd4 Nxf4 32. Bxb5 Bxb5 33. Nxb5 Rb8 34.
Nd4 Rxb4 35. g3 Ng6 36. Nf3 Rb3 37. Kg2 Ra8 38. Re2 Ne7 39. Rd7 Nd5 40. Rf2 Rc3
41. Nd4 Rf8 42. Nb5 Rc5 43. Nd6 Rc7 44. Rxc7 Nxc7 45. Kf3 Nd5 46. Ke4 f5+ 47.
exf6 Nxf6+ 48. Kd4 Rd8 0-1

[Event "World Rapid 2023"]
[Site "Samarkand UZB"]
[Date "2023.12.27"]
[EventDate "2023.12.26"]
[Round "9.32"]
[Result "1/2-1/2"]
[White "AR Saleh Salem"]
[Black "Denis Lazavik"]
[WhiteElo "2639"]
[BlackElo "2566"]
[PlyCount "50"]

1. d4 Nf6 2. c4 e6 3. Nf3 d5 4. g3 Be7 5. Bg2 O-O 6. O-O dxc4 7. Qc2 a6 8. a4
Bd7 9. Qxc4 Bc6 10. Bf4 Bd6 11. Qc1 Nbd7 12. Re1 Rb8 13. a5 h6 14. Nc3 Bxf4 15.
Qxf4 b6 16. Qc1 bxa5 17. Rxa5 Bxf3 18. Bxf3 c5 19. Ra4 cxd4 20. Rxd4 Qb6 21.
Red1 Ne5 22. Rd6 Qxb2 23. Rxa6 Nxf3+ 24. exf3 Qb7 25. Ra3 Rfd8 1/2-1/2

[Event "World Rapid 2023"]
[Site "Samarkand UZB"]
[Date "2023.12.27"]
[EventDate "2023.12.26"]
[Round "9.33"]
[Result "0-1"]
[White "Ortik Nigmatov"]
[Black "Haik M Martirosyan"]
[WhiteElo "2439"]
[BlackElo "2678"]
[PlyCount "96"]

1. e4 c5 2. Nf3 Nc6 3. d4 cxd4 4. Nxd4 e6 5. Bf4 d6 6. Nxc6 bxc6 7. c4 e5 8. Be3
Nf6 9. Nc3 Ng4 10. Bc1 Qb6 11. Qc2 Be7 12. h3 Nf6 13. Be3 Qc7 14. Be2 O-O 15.
Rd1 Be6 16. Rd2 Rab8 17. O-O Nd7 18. b3 Nc5 19. Bg4 Bxg4 20. hxg4 Ne6 21. Rfd1
Rfd8 22. Qc1 h6 23. Rd3 Rd7 24. g3 Rbd8 25. Kg2 Bg5 26. f4 exf4 27. gxf4 Bf6 28.
Ne2 Qb7 29. Ng3 d5 30. e5 c5 31. Kh3 d4 32. Bd2 Be7 33. Rf1 Re8 34. Qe1 Bf8 35.
Ne4 Qc6 36. Kg3 Nd8 37. g5 hxg5 38. Nxg5 f6 39. Ne4 Nf7 40. Rh1 Nxe5 41. fxe5
Rxe5 42. Rh4 f5 43. Rf3 Rxe4 44. Qh1 Rxh4 45. Qxh4 Qe4 46. Qh5 g6 47. Qg5 Rh7
48. Bf4 Be7 0-1